Allemand Kapitel 3.3 - Statistiques

Statistiques générales
  • Ce quiz a été pris 32 fois
  • Le résultat moyen est 27 sur 39
Statistiques - réponses
Français Allemand % Correct
le légume das Gemüse
100%
le sucre der Zucker
100%
les légumes die Gemüse
100%
le café das Café
86%
le menu das Menü
86%
le fruit das Obst
86%
le restaurant das Restaurant
86%
le bar die Bar
86%
les bars die Bars
86%
les cafés die Cafés
86%
les menus die Menüs
86%
les restaurants die Restaurants
86%
chaud warm
86%
sortir ausgehen
71%
amèr bitter
71%
le souper das Abendessen / das Nachtessen
71%
l'aliment das Lebensmittel
71%
le pourboire das Trinkgeld
71%
les aliments die Lebensmittel
71%
la mensa die Mensa
71%
les mensas die Mensas
71%
affamé hungrig
71%
froid kalt
71%
vegan vegan
71%
végétarien vegetarisch
71%
le diner das Mittagessen
57%
le plat principale die Hauptspeise
57%
les plats principaux die Hauptspeisen
57%
le dessert die Nachspeise
57%
les desserts die Nachspeisen
57%
l'entrée die Vorspeise
57%
les entrées die Vorspeisen
57%
épicé scharf
57%
sec trocken
57%
le déjeuner das Früstück / das Morgenessen
43%
la gorgée der Schluck
29%
les gorgées die Schlücke
29%
assoiffé drustig
29%
choisir auswählen, wählen
14%
Aucun quiz correspondant
Distribution des résultats
% des personnes avec chaque résultat
Percentile par nombre de réponses
Votre historique - résultats
Vous n’avez pas pris ce quiz